000
00278nam a22001217a 4500
008
180214b xxu||||| |||| 00| 0 eng d
041
_a
eng
080
_a
338
100
_a
54
101
_a
MEN
245
_a
The evolution of management education
_c
Kellogg,J.L
942
_2
udc
_c
BK
999
_c
42441
_d
42441